000 00914nam a2200265 i 4500
001 75518
003 ES-MaACL
005 20230906172505.0
007 t|
008 040924s1978 sp |||| | spa d
020 _a84-249-0775-2
080 _a811.134.2'282(7/8)
080 _a811.134.28
100 1 _aGranda, Germán de (
_d1932-2008)
_959576
245 1 0 _aEstudios lingüísticos hispánicos, afrohispánicos y criollos /
_cGermán de Granda Gutiérrez.
260 _aMadrid :
_bGredos,
_c[1978]
300 _a521 p. ;
_c20 cm.
490 1 _aBiblioteca románica hispánica II. Estudios y ensayos ;
_v282
650 _aLengua española-
_zAmérica.
_914118
650 4 _aLenguas en contacto.
_9173113
650 4 _aDialectos criollos españoles.
_9162794
830 1 _aBiblioteca románica hispánica II. Estudios y ensayos ;
_v282
_9178108
852 _aES-MaACL
_jA-10047
999 _c75518
_d75518